<?xml version="1.0" encoding="UTF-8"?>
<record
    xmlns:xsi="http://www.w3.org/2001/XMLSchema-instance"
    xsi:schemaLocation="http://www.loc.gov/MARC21/slim http://www.loc.gov/standards/marcxml/schema/MARC21slim.xsd"
    xmlns="http://www.loc.gov/MARC21/slim">

  <leader>02029nam0a2200349   4500</leader>
  <controlfield tag="001">RU\NLR\BIBL_A\012228954</controlfield>
  <controlfield tag="005">20250128194045.0</controlfield>
  <datafield tag="010" ind1=" " ind2=" ">
    <subfield code="a">978-5-295-07310-6</subfield>
    <subfield code="d">1000</subfield>
  </datafield>
  <datafield tag="021" ind1=" " ind2=" ">
    <subfield code="a">RU</subfield>
    <subfield code="b">&#x41A;&#x41D;-&#x41F;-20-000066</subfield>
    <subfield code="9">&#x41A;&#x41D;-&#x41F;-20-0005</subfield>
  </datafield>
  <datafield tag="035" ind1=" " ind2=" ">
    <subfield code="a">(NLR Aleph) 012228954</subfield>
  </datafield>
  <datafield tag="035" ind1=" " ind2=" ">
    <subfield code="a">(RuMoRGB)010229330</subfield>
  </datafield>
  <datafield tag="090" ind1=" " ind2=" ">
    <subfield code="a">13299949</subfield>
    <subfield code="c">13299949</subfield>
  </datafield>
  <datafield tag="100" ind1=" " ind2=" ">
    <subfield code="a">20200226d2019    u  y0rusy50      ca</subfield>
  </datafield>
  <datafield tag="101" ind1="0" ind2=" ">
    <subfield code="a">bak</subfield>
    <subfield code="a">rus</subfield>
  </datafield>
  <datafield tag="102" ind1=" " ind2=" ">
    <subfield code="a">RU</subfield>
  </datafield>
  <datafield tag="105" ind1=" " ind2=" ">
    <subfield code="a">c|||zzzz0|||y</subfield>
  </datafield>
  <datafield tag="181" ind1=" " ind2="0">
    <subfield code="a">i</subfield>
    <subfield code="b">axxe</subfield>
  </datafield>
  <datafield tag="182" ind1=" " ind2="0">
    <subfield code="a">n</subfield>
  </datafield>
  <datafield tag="200" ind1="1" ind2=" ">
    <subfield code="a">&#x422;&#x43E;&#x440;&#x43C;&#x43E;&#x448;&#x4A1;&#x430; &#x44E;&#x43B;</subfield>
    <subfield code="e">&#x411;&#x430;&#x448;&#x4A1;&#x43E;&#x440;&#x442;&#x43E;&#x441;&#x442;&#x430;&#x43D; &#x420;&#x435;&#x441;&#x43F;&#x443;&#x431;&#x43B;&#x438;&#x43A;&#x430;&#x4BB;&#x44B; &#x41C;&#x4D9;&#x493;&#x430;&#x440;&#x438;&#x444; &#x43C;-&#x43B;&#x44B;&#x493;&#x44B; &#x420;&#x4D9;&#x43C;&#x438; &#x492;&#x430;&#x440;&#x438;&#x43F;&#x43E;&#x432; &#x438;&#x441;&#x435;&#x43C;. 1-&#x441;&#x435; &#x4BB;&#x430;&#x43D;&#x43B;&#x44B; &#x411;&#x430;&#x448;&#x4A1;&#x43E;&#x440;&#x442; &#x440;&#x435;&#x441;&#x43F;&#x443;&#x431;&#x43B;&#x438;&#x43A;&#x430; &#x433;&#x438;&#x43C;&#x43D;&#x430;&#x437;&#x438;&#x44F;-&#x438;&#x43D;&#x442;&#x435;&#x440;&#x43D;&#x430;&#x442;&#x44B;&#x43D;&#x430; - 75 &#x439;&#x44B;&#x43B;</subfield>
    <subfield code="f">&#x442;&#x4E9;&#x499;. &#x41C;. &#x41C;. &#x425;&#x430;&#x444;&#x438;&#x437;&#x43E;&#x432;</subfield>
  </datafield>
  <datafield tag="203" ind1=" " ind2=" ">
    <subfield code="a">&#x422;&#x435;&#x43A;&#x441;&#x442;</subfield>
    <subfield code="b">&#x432;&#x438;&#x437;&#x443;&#x430;&#x43B;&#x44C;&#x43D;&#x44B;&#x439;</subfield>
    <subfield code="c">&#x43D;&#x435;&#x43F;&#x43E;&#x441;&#x440;&#x435;&#x434;&#x441;&#x442;&#x432;&#x435;&#x43D;&#x43D;&#x44B;&#x439;</subfield>
  </datafield>
  <datafield tag="210" ind1=" " ind2=" ">
    <subfield code="a">&#x4E8;&#x444;&#x4E9;</subfield>
    <subfield code="c">&#x41A;&#x438;&#x442;&#x430;&#x43F;</subfield>
    <subfield code="d">2019</subfield>
  </datafield>
  <datafield tag="215" ind1=" " ind2=" ">
    <subfield code="a">270, [1] &#x431;.</subfield>
    <subfield code="c">&#x438;&#x43B;., &#x446;&#x432;. &#x43F;&#x43E;&#x440;&#x442;&#x440;.</subfield>
    <subfield code="d">30</subfield>
  </datafield>
  <datafield tag="300" ind1=" " ind2=" ">
    <subfield code="a">&#x422;&#x435;&#x43A;&#x441;&#x442; &#x431;&#x430;&#x448;., &#x440;&#x443;&#x441;.</subfield>
  </datafield>
  <datafield tag="541" ind1="1" ind2=" ">
    <subfield code="a">&#x414;&#x43E;&#x441;&#x442;&#x43E;&#x439;&#x43D;&#x43E; &#x43F;&#x440;&#x43E;&#x434;&#x43E;&#x43B;&#x436;&#x430;&#x44F; &#x442;&#x440;&#x430;&#x434;&#x438;&#x446;&#x438;&#x438;</subfield>
    <subfield code="e">(75 &#x43B;&#x435;&#x442; &#x411;&#x430;&#x448;&#x43A;. &#x440;&#x435;&#x441;&#x43F;. &#x433;&#x438;&#x43C;&#x43D;&#x430;&#x437;&#x438;&#x438;-&#x438;&#x43D;&#x442;&#x435;&#x440;&#x43D;&#x430;&#x442;&#x443; &#x2116; 1 &#x438;&#x43C;. &#x420;. &#x413;&#x430;&#x440;&#x438;&#x43F;&#x43E;&#x432;&#x430;).</subfield>
    <subfield code="z">rus</subfield>
  </datafield>
  <datafield tag="606" ind1=" " ind2=" ">
    <subfield code="a">&#x41A;&#x443;&#x43B;&#x44C;&#x442;&#x443;&#x440;&#x430;. &#x41D;&#x430;&#x443;&#x43A;&#x430;. &#x41F;&#x440;&#x43E;&#x441;&#x432;&#x435;&#x449;&#x435;&#x43D;&#x438;&#x435; -- &#x41D;&#x430;&#x440;&#x43E;&#x434;&#x43D;&#x43E;&#x435; &#x43E;&#x431;&#x440;&#x430;&#x437;&#x43E;&#x432;&#x430;&#x43D;&#x438;&#x435;. &#x41F;&#x435;&#x434;&#x430;&#x433;&#x43E;&#x433;&#x438;&#x447;&#x435;&#x441;&#x43A;&#x438;&#x435; &#x43D;&#x430;&#x443;&#x43A;&#x438; -- &#x41E;&#x431;&#x449;&#x435;&#x43E;&#x431;&#x440;&#x430;&#x437;&#x43E;&#x432;&#x430;&#x442;&#x435;&#x43B;&#x44C;&#x43D;&#x430;&#x44F; &#x448;&#x43A;&#x43E;&#x43B;&#x430;. &#x428;&#x43A;&#x43E;&#x43B;&#x44C;&#x43D;&#x430;&#x44F; &#x43F;&#x435;&#x434;&#x430;&#x433;&#x43E;&#x433;&#x438;&#x43A;&#x430; -- &#x41E;&#x431;&#x449;&#x435;&#x43E;&#x431;&#x440;&#x430;&#x437;&#x43E;&#x432;&#x430;&#x442;&#x435;&#x43B;&#x44C;&#x43D;&#x430;&#x44F; &#x448;&#x43A;&#x43E;&#x43B;&#x430; -- &#x420;&#x43E;&#x441;&#x441;&#x438;&#x439;&#x441;&#x43A;&#x430;&#x44F; &#x424;&#x435;&#x434;&#x435;&#x440;&#x430;&#x446;&#x438;&#x44F; -- &#x411;&#x430;&#x448;&#x43A;&#x438;&#x440;&#x438;&#x44F; -- &#x422;&#x438;&#x43F;&#x44B; &#x43E;&#x431;&#x449;&#x435;&#x43E;&#x431;&#x440;&#x430;&#x437;&#x43E;&#x432;&#x430;&#x442;&#x435;&#x43B;&#x44C;&#x43D;&#x44B;&#x445; &#x448;&#x43A;&#x43E;&#x43B;. &#x41E;&#x442;&#x434;&#x435;&#x43B;&#x44C;&#x43D;&#x44B;&#x435; &#x43E;&#x431;&#x449;&#x435;&#x43E;&#x431;&#x440;&#x430;&#x437;&#x43E;&#x432;&#x430;&#x442;&#x435;&#x43B;&#x44C;&#x43D;&#x44B;&#x435; &#x448;&#x43A;&#x43E;&#x43B;&#x44B;. &#x414;&#x435;&#x442;&#x441;&#x43A;&#x438;&#x435; &#x434;&#x43E;&#x43C;&#x430; -- &#x413;&#x438;&#x43C;&#x43D;&#x430;&#x437;&#x438;&#x438;, &#x43B;&#x438;&#x446;&#x435;&#x438; -- &#x418;&#x441;&#x442;&#x43E;&#x440;&#x438;&#x44F;</subfield>
    <subfield code="2">rubbk</subfield>
  </datafield>
  <datafield tag="686" ind1=" " ind2=" ">
    <subfield code="a">&#x427;424(2&#x420;-6&#x411;)714.5&#x433;,0</subfield>
    <subfield code="2">rubbk</subfield>
  </datafield>
  <datafield tag="686" ind1="1" ind2=" ">
    <subfield code="a">&#x427;33(2=&#x411;&#x430;&#x448;)</subfield>
  </datafield>
  <datafield tag="702" ind1=" " ind2="1">
    <subfield code="a">&#x425;&#x430;&#x444;&#x438;&#x437;&#x43E;&#x432;</subfield>
    <subfield code="b">&#x41C;. &#x41C;. &#x443;.</subfield>
    <subfield code="f">1931-</subfield>
    <subfield code="g">&#x41C;&#x430;&#x440;&#x430;&#x442; &#x41C;&#x4E9;&#x445;&#x4D9;&#x43C;&#x4D9;&#x442;&#x439;&#x4D9;&#x43D; &#x443;&#x43B;&#x44B;</subfield>
    <subfield code="4">220</subfield>
  </datafield>
  <datafield tag="852" ind1=" " ind2=" ">
    <subfield code="a">NLR</subfield>
    <subfield code="b">&#x41E;&#x41D;&#x41B;</subfield>
    <subfield code="j">&#x411;&#x430;&#x448;&#x43A;./5-244</subfield>
  </datafield>
  <datafield tag="942" ind1=" " ind2=" ">
    <subfield code="c">BOOK</subfield>
  </datafield>
  <datafield tag="980" ind1=" " ind2=" ">
    <subfield code="a">NB</subfield>
  </datafield>
  <datafield tag="995" ind1=" " ind2=" ">
    <subfield code="5">2020-02-26</subfield>
    <subfield code="a">ad</subfield>
    <subfield code="b">NLR01</subfield>
    <subfield code="c">NLR01</subfield>
    <subfield code="e">ONL</subfield>
    <subfield code="f">1-3038729</subfield>
    <subfield code="k">&#x41E;&#x41D;&#x41B; &#x411;&#x430;&#x448;&#x43A;./5-244</subfield>
    <subfield code="o">0</subfield>
    <subfield code="r">BOOK</subfield>
    <subfield code="s">_5244</subfield>
  </datafield>
  <datafield tag="995" ind1=" " ind2=" ">
    <subfield code="5">2020-02-26</subfield>
    <subfield code="a">ad</subfield>
    <subfield code="b">NLR01</subfield>
    <subfield code="c">NLR01</subfield>
    <subfield code="e">OBM</subfield>
    <subfield code="f">1-3038730</subfield>
    <subfield code="o">0</subfield>
    <subfield code="r">BOOK</subfield>
  </datafield>
</record>
